000 01198nam0a22002531 4500
001 rc\4635033
005 20260407193536.0
021 _aRU
_bРг3769-67
035 _a(NLR Aleph) 008406176
090 _a9267285
_c9267285
100 _a20130416d1966 |||y0rusy50 ca
101 0 _arus
102 _aRU
105 _aa b |||||
200 1 _aСинхронные генераторы с самовозбуждением типа ПСГС-6,25
_e[Каталог]
210 _aМосква
_cБ. и.
_d1966
215 _a5 с.
_cил.
_d29
225 1 _aМинистерство электротехнической промышленности СССР. ВНИИЭМ. Отделение научно-технической информации, стандартизации и нормализации в электротехнике
_v01.08.03-66
_iЭлектрические машины
_fЗавод "Электромашина". г. Прокопьевск
712 0 2 _a"Электромашина", завод
_cПрокопьевск
_3RU\NLR\AUTH\8810127367
_9751996
801 0 _aRU
_bNLR
_gpsbo
801 1 _aRU
_bELAR
_2rusmarc
852 _aNLR
_jПт 20/1-01.08.03-66
942 _cBOOK
980 _aNB